Marxism and anthropology : the history of a relationship
Αποθηκεύτηκε σε:
| Κύριος συγγραφέας: | |
|---|---|
| Μορφή: | Βιβλίο |
| Γλώσσα: | English |
| Δημοσίευση: |
Oxford :
Oxford University Press,
1987
|
| Σειρά: | Marxist introductions
|
| Θέματα: | |
| Ετικέτες: |
Προσθήκη ετικέτας
Δεν υπάρχουν, Καταχωρήστε ετικέτα πρώτοι!
|
MARC
| LEADER | 00000cam a2200000 i 4500 | ||
|---|---|---|---|
| 001 | 1/87261 | ||
| 008 | 961004t19871983 eng d | ||
| 020 | |a 0-19-285148-9 | ||
| 035 | |l 10006677 | ||
| 040 | |a GR-MY-UA |b gre |e aacr | ||
| 041 | 0 | |a eng | |
| 082 | 0 | |a 306 | |
| 100 | 1 | |a Bloch, Maurice. | |
| 245 | 1 | 0 | |a Marxism and anthropology : |b the history of a relationship / |c Maurice Bloch |
| 260 | |a Oxford : |b Oxford University Press, |c 1987 | ||
| 300 | |a 180 p.; |c 20 cm | ||
| 490 | 1 | |a Marxist introductions | |
| 504 | |a Bibliography: p. [173]-176. Includes index | ||
| 600 | 1 | 0 | |a Marx, Karl, |d 1818-1883. |
| 600 | 1 | 0 | |a Engels, Friedrich, |d 1820-1895. |
| 650 | 0 | 0 | |a Marxist anthropology. |
| 650 | 0 | 0 | |a Anthropology. |
| 830 | 0 | |a Marxist introductions | |
| 852 | |a INST |b LESVOS |e 19961004 |h 306 BLO |p 005100003557 |q 005100003557 |t BK |y 4 |x 20201104 | ||
| 852 | |a INST |b LESVOS |e 19961004 |h 306 BLO |p 005100009164 |q 005100009164 |t BK |y 0 | ||
| 909 | |a Λ |b 02897 | ||
| 909 | |a Λ |b 010012 | ||